000 00458nam a22001697a 4500
005 20250419111409.0
008 250419b |||||||| |||| 00| 0 eng d
041 _amar
082 _a891.46
_bNIP B22566
100 _aNipanekar V
_9211714
245 _aSwatantryaladha: Rashtriya Kirtan V Bharud
260 _aPune
_bBharatiya Vichar Sadhana Prakashan
_c2021
300 _a62p
500 _aMarathi Literature
500 _aLiterature
942 _cBK
999 _c365939
_d365939